Cara mudah menjahit langsir 4

Bibliographic Details
Main Author: Noraini Margono
Format: Book
Language:Malay
Published: Kuala Lumpur : Utusan Publications , 2010
Subjects:

MARC

LEADER 00000cam a2200000 7i4500
001 0000026508
005 20150921.0
008 17092015 my a may
020 |a 9789676123817 ,   |c RM32.00 
040 |a INS 
090 0 0 |a TT390   |b N67 2010 
100 1 |a Noraini Margono 
245 1 0 |a Cara mudah menjahit langsir 4   |c Noraini Margono 
260 |a Kuala Lumpur :   |b Utusan Publications ,   |c 2010 
300 |a 95ms. :   |b ill ;   |c 29cm. 
650 0 |a Draperies in interior decoration 
650 0 |a Household linens 
999 |a 1000002400   |b BOOK   |c Open Shelf   |e Default branch